Welcome to CU Library Online Public Access Catalogue (OPAC)

Women in religion and culture: (Record no. 3493)

MARC details
000 -LEADER
fixed length control field 00583nam a2200181 4500
001 - CONTROL NUMBER
control field FRBNF433948290000000
003 - CONTROL NUMBER IDENTIFIER
control field http://catalogue.bnf.fr/ark:/12148/cb433948295
005 - DATE AND TIME OF LATEST TRANSACTION
control field 20250206160628.0
008 - FIXED-LENGTH DATA ELEMENTS--GENERAL INFORMATION
fixed length control field 250206b |||||||| |||| 00| 0 eng d
020 ## - INTERNATIONAL STANDARD BOOK NUMBER
International Standard Book Number 9788059171
050 ## - LIBRARY OF CONGRESS CALL NUMBER
Classification number BL 65.C8
Item number 1
100 ## - MAIN ENTRY--PERSONAL NAME
Personal name ODUYOYE, Amba Mercy
245 ## - TITLE STATEMENT
Title Women in religion and culture:
Remainder of title Essays in honour of Constance Buchaman
260 ## - PUBLICATION, DISTRIBUTION, ETC.
Place of publication, distribution, etc. Ibadan
Name of publisher, distributor, etc. Sefer
Date of publication, distribution, etc. 2007
300 ## - PHYSICAL DESCRIPTION
Extent 171p
700 ## - ADDED ENTRY--PERSONAL NAME
Materials specified 16779177
Personal name Amba Oduyoye
Numeration Mercy
Titles and other words associated with a name Ghana. docteur en théologie. enseignante
Relationship 070
942 ## - ADDED ENTRY ELEMENTS (KOHA)
Source of classification or shelving scheme Library of Congress Classification
Koha item type Books
Suppress in OPAC No
999 ## -
-- 3493
-- 3493
Holdings
Withdrawn status Lost status Source of classification or shelving scheme Damaged status Not for loan Collection Home library Current library Shelving location Date acquired Total checkouts Full call number Barcode Date last seen Copy number Price effective from Koha item type
    Library of Congress Classification     Non-fiction Graduate Library (Christ Temple) Graduate Library (Christ Temple) General stacks 02/06/2025   BL 65.C8 WOM GSCT00000461 02/06/2025 1 02/06/2025 Books
    Library of Congress Classification     Non-fiction Graduate Library (Christ Temple) Graduate Library (Christ Temple) General stacks 02/06/2025   BL 65.C8 WOM GSCT00000462 02/06/2025 2 02/06/2025 Books
    Library of Congress Classification     Non-fiction Graduate Library (Christ Temple) Graduate Library (Christ Temple) General stacks 02/06/2025   BL 65.C8 WOM GSCT00000463 02/06/2025 3 02/06/2025 Books
© 2023-2024 Copyright: Central University Libraries. All Rights Reserved | Created by: Mahone Tech Office